000 00610nam a22002417a 4500
003 OSt
005 20140310182948.0
008 130205t xxu||||| |||| 00| 0 eng d
020 _a971234486x
050 _aKPM 856
_b.D365 2006
100 _ade Guzman, Rolando Santiago
245 _aBusiness law :
_cRolando Santiago de Guzman
_ban overview /
260 _aManila :
_bRex Book Store,
_c2006.
300 _a232 p. :
_c23 cm.
521 _aBSBA
526 _c1210L-1700L
562 _e2
650 _a Business law.
942 _2lcc
_cBK
_kLOC
999 _c17854
_d17854